01608nam a2200361Ia 4500001001200000003000800012006001900020007001500039008004100054020001800095020003100113040002100144035002100165050002800186082002600214100003000240245019600270260009300466300002400559490004000583504004100623533015200664650005800816650004800874650004100922655002900963700002700992700002401019710001701043830004101060856012601101999001901227ebr10421818CaPaEBRm u cr cn|||||||||100818s2010 dcua sb i000 0 eng d z9780821385340 z9780821385647 (electronic) aCaPaEBRcCaPaEBR a(OCoLC)68518572614aTJ163.5.B84bL58 2010eb04a333.79/62160917242221 aLiu, Feng,d1963 Mar. 13-10aMainstreaming building energy efficiency codes in developing countriesh[electronic resource] :bglobal experiences and lessons from early adopters /cFeng Liu, Anke S. Meyer, and John Hogan. aWashington, D.C. :bEnergy Sector Management Assistance Program, The World Bank,cc2010. axxx, 192 p. :bill.1 aWorld Bank working paper ;vno. 206 aIncludes bibliographical references. aElectronic reproduction.bPalo Alto, Calif. :cebrary,d2011.nAvailable via World Wide Web.nAccess may be limited to ebrary affiliated libraries. 0aBuildingsxEnergy conservationzDeveloping countries. 0aBuildingsxStandardszDeveloping countries. 0aBuilding lawszDeveloping countries. 7aElectronic books.2local1 aMeyer, Anke S.,d1955-1 aHogan, John,d1952-2 aebrary, Inc. 0aWorld Bank working paper ;vno. 206.40uhttp://site.ebrary.com/lib/rucke/Doc?id=10421818zAn electronic book accessible through the World Wide Web; click to view c140140d140140